000 01242nam a22002417a 4500
999 _c57130
_d57130
003 Ge_BSU
005 20191122152619.0
008 191122s2014 ge ||||| |||| 00| 0 geo d
020 _a9789941181849
041 _ageo
080 _a821.161.1-4 გ-86
100 _aგროისი, ბორის.
_95535
245 _aესეები /
_cბორის გროისი ; მთარგმნ.: სოსო ჭაუჭიძე ; თორნიკე ჭუმბურიძე ; სერიის რედ. გ. ზედანია., ს. რატიანი.
264 _aთბილისი :
_bილიას სახელმწ. უნ-ტი,
_c2014.
300 _a170 გვ. ;
_c16 სმ.
440 _aსერიის IV წიგნი.პოსტ/კლასიკა
_95536
653 _aესეები
700 _aჭაუჭიძე, სოსო
_eმთარგმნელი
_95537
700 _aჭუმბურიძე, თორნიკე
_eმთარგმნელი
_95538
700 _aზედანია, გ
_eრედაქტორი
_95539
700 _aრატიანი, ს
_eრედაქტორი
_95540
942 _2udc
_cBK